|
|
|
|
| LEADER |
00000nam0a2200000 4500 |
| 001 |
335791 |
| 005 |
20231102004805.0 |
| 035 |
|
|
|a (RuTPU)RU\TPU\book\362203
|
| 090 |
|
|
|a 335791
|
| 100 |
|
|
|a 20171003d1968 k y0rusy50 ca
|
| 101 |
0 |
|
|a rus
|
| 102 |
|
|
|a RU
|
| 105 |
|
|
|a y dm 001zy
|
| 200 |
1 |
|
|a Адсорбционное явления в некоторых обратимых системах
|e автореферат диссертации на соискание ученой степени кандидата химических наук
|e спец. 074
|f Е. Ю. Хмельницкая
|g Академия наук СССР (АН СССР), Институт электрохимии им. А. Н. Фрумкина (ИЭЛ) ; науч. рук. Г. А. Тедорадзе
|
| 210 |
|
|
|a Москва
|c [Б. и.]
|d 1968
|
| 215 |
|
|
|a 19 с.
|
| 300 |
|
|
|a Защита сост. октябрь 1968 г.
|
| 320 |
|
|
|a Библиогр.: с. 19 (4 назв.)
|
| 606 |
1 |
|
|a Адсорбция
|x (электрохимия)
|2 stltpush
|3 (RuTPU)RU\TPU\subj\76764
|9 87615
|
| 610 |
1 |
|
|a органические вещества
|
| 610 |
1 |
|
|a адсорбционные явления
|
| 610 |
1 |
|
|a кинетика
|
| 610 |
1 |
|
|a электрохимические реакции
|
| 610 |
1 |
|
|a электродные процессы
|
| 610 |
1 |
|
|a рибофлавин
|
| 610 |
1 |
|
|a обратимые процессы
|
| 610 |
1 |
|
|a авторефераты диссертаций
|
| 610 |
1 |
|
|a библиотека А. Г. Стромберга
|
| 675 |
|
|
|a 544.63(04)
|v 4
|
| 686 |
|
|
|a 074
|2 oksvnk
|
| 700 |
|
1 |
|a Хмельницкая
|b Е. Ю.
|
| 702 |
|
1 |
|a Тедорадзе
|b Г. А.
|4 727
|
| 712 |
0 |
2 |
|a Академия наук СССР (АН СССР)
|b Институт электрохимии им. А. Н. Фрумкина (ИЭЛ)
|c (Москва)
|c (1957-1991)
|2 stltpush
|3 (RuTPU)RU\TPU\col\327
|
| 801 |
|
1 |
|a RU
|b 63413507
|c 20171003
|
| 801 |
|
2 |
|a RU
|b 63413507
|c 20171128
|g RCR
|
| 942 |
|
|
|c BK
|